000 00491nam a2200169 i 4500
001 150140
003 ES-MaACL
005 20240608063003.0
007 t|
008 071026s1969 sp ||||1| cat d
100 1 _aValls Jordá, Joan,
_d1917-1989
_9112945
245 1 0 _aPosicions terrenals /
_cJoan Valls Jordá.
260 _aAlcoy :
_b[s.n.],
_c1969 (
_fHispania Alcoyana)
300 _a72 p. ;
_c19 cm.
852 _aES-MaACL
_jC-40038
_bR.71495
999 _c150140
_d150140